[Event "2. Bundesliga West 2010/11"]
[Site "Absam"]
[Date "2010.11.26"]
[Round "4"]
[Board "5"]
[White "Flatz, Lothar"]
[Black "Duer, Werner"]
[Result "1/2-1/2"]
[WhiteElo "2143"]
[BlackElo "2262"]
[PlyCount "93"]
[EventDate "2010.10.15"]
[EventType "team"]
[EventRounds "11"]
[EventCountry "AUT"]
[WhiteTeam "Goetzis"]
[BlackTeam "SC Absam"]

1.Nf3 Nf6 2.g3 d5 3.Bg2 c6 4.d3 Bg4 5.Nbd2 Nbd7 6.O-O e6 7.e4 Be7 8.Qe1 O-O 9.h3
Bxf3 10.Nxf3 dxe4 11.dxe4 e5 12.Qe2 Bc5 13.c3 a5 14.Bg5 h6 15.Bd2 Re8 16.Rad1
Qc7 17.Nh4 Bf8 18.Nf5 Kh7 19.Kh1 g6 20.Ne3 Bg7 21.Bc1 Rad8 22.b3 Nc5 23.Ng4 Nxg4
24.hxg4 Ne6 25.f4 Rxd1 26.Qxd1 exf4 27.gxf4 Qe7 28.e5 Qh4+ 29.Kg1 Bf8 30.Be3 Rd8
31.Qe2 Kg8 32.f5 gxf5 33.gxf5 Ng5 34.e6 Bd6 35.exf7+ Kf8 36.Re1 Nxf7 37.Bf2 Qh2+
38.Kf1 Ne5 39.Rd1 Nf7 40.Qe6 Re8 41.Qf6 Be7 42.Qg6 Qf4 43.Kg1 Ne5 44.Qh7 Ng4
45.Qh8+ Kf7 46.Qh7+ Kf8 47.Qh8+ 1/2-1/2

[Event "2. Bundesliga West 2010/11"]
[Site "Absam"]
[Date "2010.11.26"]
[Round "4"]
[Board "6"]
[White "Gerhold, Michael"]
[Black "Kranz, Armin"]
[Result "1-0"]
[WhiteElo "2237"]
[BlackElo "2104"]
[PlyCount "95"]
[EventDate "2010.10.15"]
[EventType "team"]
[EventRounds "11"]
[EventCountry "AUT"]
[WhiteTeam "SC Absam"]
[BlackTeam "Goetzis"]

1.Nf3 Nf6 2.c4 e6 3.g3 b6 4.Bg2 Bb7 5.O-O c5 6.Nc3 Be7 7.Re1 O-O 8.e4 d6 9.d4
cxd4 10.Nxd4 Qc8 11.Be3 a6 12.Rc1 Nbd7 13.f4 Re8 14.g4 Nc5 15.Bf2 Nxg4 16.Qxg4
Nd3 17.Nce2 Nxe1 18.Bxe1 Bf6 19.Bh4 Bxh4 20.Qxh4 Qc5 21.Qf2 Rac8 22.b3 h5 23.Nc3
Qb4 24.Qe3 Rc7 25.Nc2 Qc5 26.Qxc5 dxc5 27.Rd1 Bc6 28.e5 Bxg2 29.Kxg2 Rc6 30.Ne4
Rec8 31.Ne3 b5 32.Kg3 Kf8 33.Kh4 Ke7 34.Rd2 Rh8 35.Nd6 b4 36.Ng2 f6 37.Ne1 g5+
38.fxg5 fxe5 39.Ne4 Rcc8 40.Nf3 Rhf8 41.Nf6 Rcd8 42.Re2 Rd1 43.Nxe5 Kd6 44.Ng6
Ra8 45.Ne4+ Kc6 46.Ne5+ Kb6 47.g6 a5 48.Nf6 1-0

[Event "2. Bundesliga West 2010/11"]
[Site "Absam"]
[Date "2010.11.26"]
[Round "4"]
[Board "1"]
[White "Medvegy, Zoltan"]
[Black "Atlas, Valery"]
[Result "1/2-1/2"]
[WhiteElo "2522"]
[BlackElo "2440"]
[PlyCount "137"]
[EventDate "2010.10.15"]
[EventType "team"]
[EventRounds "11"]
[EventCountry "AUT"]
[WhiteTeam "ATSV Ranshofen"]
[BlackTeam "Hohenems II"]

1.d4 Nf6 2.Nf3 e6 3.c4 b6 4.g3 Bb7 5.Bg2 Be7 6.O-O O-O 7.Re1 d5 8.cxd5 exd5
9.Nc3 Nbd7 10.Bf4 Nh5 11.Bd2 g6 12.Qb3 Ndf6 13.Ne5 Ng7 14.Bh6 a6 15.Rad1 Qd6
16.Bf4 Qd8 17.e4 dxe4 18.d5 Bd6 19.Nc6 Qd7 20.Bg5 Ngh5 21.Nxe4 Nxe4 22.Bxe4 Rfe8
23.Qf3 f5 24.Bd3 Rxe1+ 25.Rxe1 Re8 26.Re2 Ng7 27.Bf6 Qf7 28.Bc3 b5 29.Rxe8+ Qxe8
30.Bf1 Qf8 31.Qd3 f4 32.b4 fxg3 33.hxg3 Nf5 34.Qe4 Bc8 35.Nd4 Qe7 36.Qd3 h5
37.Bg2 Kh7 38.Be4 Qg5 39.Ne6 Bxe6 40.dxe6 h4 41.Bxf5 gxf5 42.Qd4 hxg3 43.Qh8+
Kg6 44.Qe8+ Kh6 45.Qh8+ Kg6 46.Qg7+ Kh5 47.Qh7+ Qh6 48.Qxf5+ Qg5 49.Qh7+ Qh6
50.Qf5+ Qg5 51.Qh7+ Qh6 52.Qf7+ Qg6 53.Qf3+ Qg4 54.Qf7+ Qg6 55.fxg3 Qxf7 56.exf7
Kg6 57.Kf2 Kxf7 58.g4 c5 59.bxc5 Bxc5+ 60.Ke2 b4 61.Bd2 a5 62.Kd3 a4 63.Kc4 b3
64.Bc3 bxa2 65.Kxc5 Kg6 66.Kb4 Kg5 67.Kxa4 Kxg4 68.Kb3 a1=N+ 69.Bxa1 1/2-1/2

[Event "2. Bundesliga West 2010/11"]
[Site "Absam"]
[Date "2010.11.26"]
[Round "4"]
[Board "2"]
[White "Gaertner, Guntram"]
[Black "Menacher, Manfred"]
[Result "0-1"]
[WhiteElo "2329"]
[BlackElo "2290"]
[PlyCount "138"]
[EventDate "2010.10.15"]
[EventType "team"]
[EventRounds "11"]
[EventCountry "AUT"]
[WhiteTeam "Hohenems II"]
[BlackTeam "ATSV Ranshofen"]

1.d4 d5 2.c4 c6 3.cxd5 cxd5 4.Nf3 Nf6 5.Nc3 Nc6 6.Bf4 a6 7.Rc1 Bf5 8.e3 Rc8
9.Be2 e6 10.O-O Bd6 11.Bxd6 Qxd6 12.Qb3 Rc7 13.Na4 O-O 14.Nc5 Qe7 15.Qb6 Rfc8
16.Rc3 Ne8 17.Rfc1 Nd8 18.Nb3 Rxc3 19.Rxc3 Rxc3 20.bxc3 Qc7 21.Qxc7 Nxc7 22.Nc5
Kf8 23.Nd2 Ke7 24.f3 Nb5 25.Bxb5 axb5 26.e4 Bg6 27.Kf2 Kd6 28.Nd3 Nc6 29.Ke3 f6
30.a3 Na5 31.h4 Bf7 32.g4 e5 33.Nb4 exd4+ 34.cxd4 Be6 35.g5 Nc4+ 36.Nxc4+ bxc4
37.gxf6 gxf6 38.Na2 Kc6 39.Nc3 Bf7 40.Kf4 dxe4 41.fxe4 Kd6 42.Ke3 Bg6 43.Kf3 Ke6
44.Ke3 Kd6 45.Na4 Kc6 46.Nc3 Kd6 47.Kf4 Ke6 48.Nb5 h6 49.d5+ Ke7 50.Ke3 Be8
51.Nc3 b5 52.Kd4 Kd6 53.Nd1 Bd7 54.Ne3 Bc8 55.a4 bxa4 56.Nxc4+ Kc7 57.Kc5 Ba6
58.d6+ Kd8 59.Na3 Kd7 60.Kd5 Bb7+ 61.Kd4 Kxd6 62.Nc4+ Ke6 63.Kc3 Bxe4 64.Kb4 Bc2
65.Ne3 Bb3 66.h5 f5 67.Ng2 Kf6 68.Ne3 f4 69.Ng4+ Kg5 0-1

[Event "2. Bundesliga West 2010/11"]
[Site "Absam"]
[Date "2010.11.26"]
[Round "4"]
[Board "3"]
[White "Dovzik, Juri"]
[Black "Atlas, Dimitry"]
[Result "1/2-1/2"]
[WhiteElo "2381"]
[BlackElo "2344"]
[PlyCount "71"]
[EventDate "2010.10.15"]
[EventType "team"]
[EventRounds "11"]
[EventCountry "AUT"]
[WhiteTeam "ATSV Ranshofen"]
[BlackTeam "Hohenems II"]

1.d4 d5 2.c4 c6 3.Nf3 e6 4.Qc2 Nf6 5.e3 Bd6 6.Nc3 Nbd7 7.Be2 Qe7 8.O-O dxc4
9.Bxc4 e5 10.dxe5 Nxe5 11.Nxe5 Qxe5 12.f4 Qc5 13.Na4 Qh5 14.Be2 Bg4 15.Bxg4 Qxg4
16.e4 Bc7 17.Be3 O-O 18.Nc3 Qe6 19.Rae1 Rfe8 20.Bd4 Rad8 21.Bxf6 Qxf6 22.e5 Qg6
23.Ne4 Ba5 24.Re2 Rd2 25.Rxd2 Bxd2 26.Rf3 Be1 27.Qe2 Bh4 28.Rd3 Qe6 29.b3 Be7
30.h3 Rd8 31.Rg3 h6 32.Rf3 Qd5 33.Kh2 Qd1 34.Qe3 Qd4 35.Qe2 Qd1 36.Qe3 1/2-1/2

[Event "2. Bundesliga West 2010/11"]
[Site "Absam"]
[Date "2010.11.26"]
[Round "4"]
[Board "4"]
[White "Burschowsky, Matthias"]
[Black "Ager, Josef"]
[Result "1/2-1/2"]
[WhiteElo "2208"]
[BlackElo "2213"]
[PlyCount "96"]
[EventDate "2010.10.15"]
[EventType "team"]
[EventRounds "11"]
[EventCountry "AUT"]
[WhiteTeam "Hohenems II"]
[BlackTeam "ATSV Ranshofen"]

1.d4 g6 2.Nf3 Bg7 3.g3 Nf6 4.Bg2 O-O 5.O-O d6 6.c4 Nc6 7.d5 Na5 8.Na3 c5 9.dxc6
bxc6 10.c5 d5 11.Qa4 Ne4 12.Rd1 Nxc5 13.Qc2 Na6 14.Bf4 Qb6 15.Rd2 Bf5 16.Qc1
Rfe8 17.Be5 f6 18.Bd4 c5 19.b4 Qxb4 20.Bc3 Qa4 21.Rxd5 Be4 22.Nd2 Bxg2 23.Kxg2
Bh6 24.Bxa5 Qxa5 25.Nac4 Qc7 26.a3 Red8 27.Rxd8+ Rxd8 28.Qc3 f5 29.Rb1 Bg7
30.Qf3 Rd7 31.Qa8+ Kf7 32.Nf3 h6 33.Nh4 Rd4 34.Rb7 Qc6+ 35.Nf3 Qe4 36.Ne3 Ra4
37.Qxa7 Nc7 38.Qb6 Ne6 39.Rd7 g5 40.Qc6 Nf8 41.Rc7 Ng6 42.Qxc5 Be5 43.Rc8 g4
44.Qb5 Rxa3 45.Qe8+ Kf6 46.Qc6+ Qxc6 47.Rxc6+ Bd6 48.Nd4 Ra5 1/2-1/2

[Event "2. Bundesliga West 2010/11"]
[Site "Absam"]
[Date "2010.11.26"]
[Round "4"]
[Board "5"]
[White "Riediger, Martin"]
[Black "Sandholzer, Robert"]
[Result "1/2-1/2"]
[WhiteElo "2252"]
[BlackElo "2095"]
[PlyCount "143"]
[EventDate "2010.10.15"]
[EventType "team"]
[EventRounds "11"]
[EventCountry "AUT"]
[WhiteTeam "ATSV Ranshofen"]
[BlackTeam "Hohenems II"]

1.c4 e6 2.Nf3 Nf6 3.g3 d5 4.d4 dxc4 5.Bg2 Bb4+ 6.Bd2 Be7 7.O-O O-O 8.Qc2 Bd7
9.Qxc4 Bc6 10.Rc1 Ne4 11.Be1 Nd6 12.Qc2 Nd7 13.Nbd2 Nf6 14.e3 Rc8 15.Ne5 Bxg2
16.Kxg2 Nf5 17.Qb3 Qd5+ 18.Qxd5 exd5 19.Nb3 c6 20.Na5 Nd6 21.Rc2 Bd8 22.Nb3 Bb6
23.Bb4 Rfd8 24.a4 a6 25.Rac1 Nfe8 26.Ba5 Bxa5 27.Nxa5 f6 28.Nd3 Rd7 29.Rc3 Rcc7
30.Nc5 Re7 31.Rb3 g6 32.Rb6 Ng7 33.Rc3 Ne6 34.Nxa6 bxa6 35.Nxc6 Red7 36.Nb8 Rd8
37.Rcc6 Rxc6 38.Nxc6 Rd7 39.Nb8 Rd8 40.Nc6 Rd7 41.Rxa6 Kf7 42.b4 Nc4 43.b5 Nd8
44.Nb4 Nb7 45.Ra7 Ke6 46.Nc6 Nd8 47.Nxd8+ Rxd8 48.a5 Rb8 49.b6 Kd6 50.g4 g5
51.Kg3 h6 52.h4 Rf8 53.h5 Rh8 54.Kf3 Kc6 55.Rc7+ Kd6 56.Rc5 Rb8 57.Ke2 Ne5
58.Rb5 Kc6 59.a6 Rxb6 60.Rxb6+ Kxb6 61.dxe5 fxe5 62.f4 exf4 63.exf4 gxf4 64.Kf3
Kxa6 65.Kxf4 Kb5 66.Ke3 Kc4 67.Kd2 Kd4 68.g5 Ke5 69.g6 Kf6 70.Kd3 Kg7 71.Kd4 Kh8
72.Kxd5 1/2-1/2

[Event "2. Bundesliga West 2010/11"]
[Site "Absam"]
[Date "2010.11.26"]
[Round "4"]
[Board "6"]
[White "Nussbaumer, Leon"]
[Black "Hackbarth, Wolfgang"]
[Result "1/2-1/2"]
[WhiteElo "1894"]
[BlackElo "2081"]
[PlyCount "109"]
[EventDate "2010.10.15"]
[EventType "team"]
[EventRounds "11"]
[EventCountry "AUT"]
[WhiteTeam "Hohenems II"]
[BlackTeam "ATSV Ranshofen"]

1.e4 e5 2.Nf3 Nc6 3.Bb5 a6 4.Ba4 Nf6 5.O-O b5 6.Bb3 Be7 7.Re1 d6 8.c3 Na5 9.Bc2
c5 10.d4 Qc7 11.d5 O-O 12.Nbd2 g6 13.Nf1 Nh5 14.Bh6 Ng7 15.Ng3 Bd7 16.b3 Nb7
17.Qd2 f6 18.h3 Nd8 19.a4 Nf7 20.Be3 Rfc8 21.axb5 axb5 22.Bd3 Qb7 23.Qb2 Rxa1
24.Rxa1 Ra8 25.Ra2 f5 26.Bd2 f4 27.Nf1 h5 28.Qa1 Rxa2 29.Qxa2 g5 30.Qa5 Bd8
31.Qa2 Kh7 32.Be1 Kg6 33.Kh2 g4 34.hxg4 hxg4 35.N3d2 Bb6 36.Nb1 Ng5 37.Qe2 f3
38.Qd1 Qc8 39.Kg1 Qh8 40.Nh2 Qh4 41.g3 Nh3+ 42.Kh1 Qh8 43.c4 b4 44.Bf1 Ng5
45.Qc2 Qa8 46.Bd2 Bd8 47.Be3 Be7 48.Bd3 Nh5 49.Qd2 Qa1 50.Nf1 Qa8 51.Nh2 Qa1
52.Nf1 Nh3 53.Nh2 Ng5 54.Nf1 Qa8 55.Nh2 1/2-1/2

[Event "2. Bundesliga West 2010/11"]
[Site "Absam"]
[Date "2010.11.26"]
[Round "4"]
[Board "1"]
[White "Krstic, Uros"]
[Black "Novkovic, Milan"]
[Result "1/2-1/2"]
[WhiteElo "2410"]
[BlackElo "2386"]
[PlyCount "34"]
[EventDate "2010.10.15"]
[EventType "team"]
[EventRounds "11"]
[EventCountry "AUT"]
[WhiteTeam "Schwarzach"]
[BlackTeam "Dornbirn"]

1.e4 c5 2.d3 Nc6 3.f4 d5 4.Be2 Nf6 5.e5 Nd7 6.Nf3 e6 7.O-O b5 8.c3 Be7 9.Be3 O-O
10.Nbd2 a5 11.Kh1 Ba6 12.Rc1 Qb6 13.Qe1 f6 14.exf6 Rxf6 15.Qg3 Re8 16.Qh3 b4
17.Rc2 Bc8 1/2-1/2

[Event "2. Bundesliga West 2010/11"]
[Site "Absam"]
[Date "2010.11.26"]
[Round "4"]
[Board "2"]
[White "Novkovic, Julia"]
[Black "Brumen, Dinko"]
[Result "0-1"]
[WhiteElo "2157"]
[BlackElo "2359"]
[PlyCount "112"]
[EventDate "2010.10.15"]
[EventType "team"]
[EventRounds "11"]
[EventCountry "AUT"]
[WhiteTeam "Dornbirn"]
[BlackTeam "Schwarzach"]

1.e4 e6 2.d4 d5 3.exd5 exd5 4.Bd3 Nc6 5.c3 Bd6 6.Qf3 Nce7 7.Ne2 Nf6 8.h3 Ng6
9.Bg5 Be7 10.g3 c6 11.Nd2 Be6 12.Nf4 Nxf4 13.Bxf4 Qd7 14.g4 O-O-O 15.Qg2 Ne8
16.O-O-O g5 17.Bh2 h5 18.Rde1 Bd6 19.Be5 Bxe5 20.Rxe5 hxg4 21.hxg4 Nf6 22.f3
Rdg8 23.Rxh8 Rxh8 24.Rxg5 Qd6 25.Re5 c5 26.Qg1 Nd7 27.Re2 c4 28.Bc2 b5 29.Qe3 a5
30.Bd1 b4 31.Nb1 Kc7 32.a3 Rh6 33.Rg2 Rh1 34.cxb4 axb4 35.axb4 Qxb4 36.Qd2 Qa4
37.Qc2 Qa1 38.Kd2 Nb6 39.Nc3 Bd7 40.Qb1 Qa8 41.Qa2 Qd8 42.Qa7+ Kc8 43.g5 Rh4
44.Qa6+ Kb8 45.Ne2 c3+ 46.bxc3 Nc4+ 47.Ke1 Qe8 48.Rg1 Bb5 49.Qa2 Rh2 50.Qb1 Kc7
51.Qc1 Ne3 52.Qd2 Kc6 53.g6 Nxd1 54.Kxd1 Rxe2 55.Qh6 Ba4+ 56.Kc1 Rc2+ 0-1

[Event "2. Bundesliga West 2010/11"]
[Site "Absam"]
[Date "2010.11.26"]
[Round "4"]
[Board "3"]
[White "Hecht, Hans-Joachim"]
[Black "Karrer, Damian"]
[Result "1/2-1/2"]
[WhiteElo "2374"]
[BlackElo "2194"]
[PlyCount "67"]
[EventDate "2010.10.15"]
[EventType "team"]
[EventRounds "11"]
[EventCountry "AUT"]
[WhiteTeam "Schwarzach"]
[BlackTeam "Dornbirn"]

1.d4 d5 2.c4 c6 3.Nc3 Nf6 4.e3 g6 5.Nf3 Bg7 6.Bd3 O-O 7.O-O dxc4 8.Bxc4 Bg4 9.h3
Bxf3 10.Qxf3 Nbd7 11.Rd1 e5 12.Bb3 Qe7 13.dxe5 Nxe5 14.Qe2 Rad8 15.f4 Ned7 16.e4
Nc5 17.Rxd8 Qxd8 18.Bc2 Nfxe4 19.Nxe4 Re8 20.Be3 Nxe4 21.Bxa7 Bxb2 22.Rd1 Qa5
23.Bf2 Nf6 24.Qc4 Qc3 25.Qxc3 Bxc3 26.Bb3 Bb4 27.g4 Be7 28.Bb6 Ne4 29.Rd7 Nc5
30.Rxe7 Rxe7 31.Bxc5 Re4 32.Bd6 Re2 33.g5 Kg7 34.h4 1/2-1/2

[Event "2. Bundesliga West 2010/11"]
[Site "Absam"]
[Date "2010.11.26"]
[Round "4"]
[Board "4"]
[White "Natter, Markus"]
[Black "Hrvacic, Pavle"]
[Result "0-1"]
[WhiteElo "2117"]
[BlackElo "2266"]
[PlyCount "66"]
[EventDate "2010.10.15"]
[EventType "team"]
[EventRounds "11"]
[EventCountry "AUT"]
[WhiteTeam "Dornbirn"]
[BlackTeam "Schwarzach"]

1.d4 g6 2.e4 Bg7 3.Nc3 d5 4.exd5 Nf6 5.Bc4 Nbd7 6.Qf3 Nb6 7.Bb3 Bg4 8.Qg3 Bf5
9.Nge2 Nbxd5 10.Nxd5 Nxd5 11.c3 Nf6 12.O-O O-O 13.Re1 a5 14.a4 c6 15.Nf4 Qd6
16.h3 Rae8 17.Be3 h6 18.Rad1 g5 19.Ne2 Ne4 20.Qf3 Bg6 21.Nc1 Nf6 22.Nd3 Nd7
23.Bc1 e6 24.Nc5 Nxc5 25.dxc5 Qxc5 26.Rd7 Qb6 27.Bc4 Rd8 28.Red1 Rxd7 29.Rxd7
Kh8 30.b3 Qc5 31.Rxb7 Qe5 32.Qxc6 Qe1+ 33.Kh2 Qxc1 0-1

[Event "2. Bundesliga West 2010/11"]
[Site "Absam"]
[Date "2010.11.26"]
[Round "4"]
[Board "5"]
[White "Ljubic, Juro"]
[Black "Kessler, Luca"]
[Result "1-0"]
[WhiteElo "2186"]
[BlackElo "2097"]
[PlyCount "69"]
[EventDate "2010.10.15"]
[EventType "team"]
[EventRounds "11"]
[EventCountry "AUT"]
[WhiteTeam "Schwarzach"]
[BlackTeam "Dornbirn"]

1.e4 c5 2.d3 e6 3.f4 d5 4.Be2 Nc6 5.Nf3 Nf6 6.e5 Nd7 7.O-O b5 8.c3 Be7 9.Be3 O-O
10.Nbd2 a5 11.Qe1 Ba6 12.Qg3 Kh8 13.Qh3 Qc7 14.Rac1 Nb6 15.Kh1 Rad8 16.Bf2 f5
17.Bh4 b4 18.Ng5 Bxg5 19.Bxg5 Rd7 20.Rf3 bxc3 21.bxc3 d4 22.c4 Na4 23.Qh4 Rb8
24.Rh3 g6 25.Qh6 Kg8 26.Bf6 Qc8 27.Rg3 Qf8 28.Rxg6+ hxg6 29.Qxg6+ Rg7 30.Bxg7
Qxg7 31.Qxe6+ Kh8 32.Qxc6 Nc3 33.Qxa6 Nxe2 34.Rf1 Rg8 35.Qc6 1-0

[Event "2. Bundesliga West 2010/11"]
[Site "Absam"]
[Date "2010.11.26"]
[Round "4"]
[Board "6"]
[White "Ruescher, Christian"]
[Black "Stoeckl, Norbert"]
[Result "0-1"]
[WhiteElo "2050"]
[BlackElo "2053"]
[PlyCount "62"]
[EventDate "2010.10.15"]
[EventType "team"]
[EventRounds "11"]
[EventCountry "AUT"]
[WhiteTeam "Dornbirn"]
[BlackTeam "Schwarzach"]

1.e4 c5 2.Nc3 e6 3.f4 d5 4.Bb5+ Bd7 5.Bxd7+ Qxd7 6.exd5 exd5 7.Qe2+ Be7 8.Nf3
Nc6 9.O-O Nh6 10.Ne5 Nxe5 11.Qxe5 O-O-O 12.Qxg7 Nf5 13.Qe5 Rhg8 14.Nb5 b6 15.a4
Rg6 16.a5 Bf6 17.Qe2 a6 18.Nc3 Bd4+ 19.Rf2 b5 20.Nd1 Rdg8 21.Ne3 c4 22.Kf1 h5
23.Ke1 Bc5 24.Qxh5 Re8 25.Kf1 Bxe3 26.dxe3 Rh6 27.Qf3 Rxh2 28.g4 Rh1+ 29.Qxh1
Ng3+ 30.Kg2 Nxh1 31.Kxh1 Qxg4 0-1

[Event "2. Bundesliga West 2010/11"]
[Site "Absam"]
[Date "2010.11.26"]
[Round "4"]
[Board "1"]
[White "Bayer, Bernhard"]
[Black "Koepke, Christian"]
[Result "1/2-1/2"]
[WhiteElo "2393"]
[BlackElo "2381"]
[PlyCount "40"]
[EventDate "2010.10.15"]
[EventType "team"]
[EventRounds "11"]
[EventCountry "AUT"]
[WhiteTeam "Schwaz"]
[BlackTeam "Hypo Kufstein"]

1.Nf3 Nf6 2.c4 g6 3.g3 Bg7 4.Bg2 O-O 5.O-O d6 6.Nc3 Nc6 7.d3 e5 8.Rb1 a5 9.a3
Nd4 10.b4 axb4 11.axb4 c6 12.b5 Bg4 13.Be3 Nd7 14.bxc6 bxc6 15.h3 Bxf3 16.exf3
Nc5 17.Ne4 Nce6 18.Nd2 Nc5 19.Ne4 Nce6 20.Nd2 Nc5 1/2-1/2

[Event "2. Bundesliga West 2010/11"]
[Site "Absam"]
[Date "2010.11.26"]
[Round "4"]
[Board "2"]
[White "Berchtenbreiter, Maximilian"]
[Black "Fuchs, Georg"]
[Result "1-0"]
[WhiteElo "2232"]
[BlackElo "2292"]
[PlyCount "71"]
[EventDate "2010.10.15"]
[EventType "team"]
[EventRounds "11"]
[EventCountry "AUT"]
[WhiteTeam "Hypo Kufstein"]
[BlackTeam "Schwaz"]

1.e4 e5 2.Bc4 Nc6 3.Nf3 Nf6 4.d3 Be7 5.c3 O-O 6.Qe2 d6 7.Bb3 Bg4 8.Nbd2 Nh5
9.Nf1 Nf4 10.Bxf4 exf4 11.h3 Bxf3 12.Qxf3 Ne5 13.Qe2 f3 14.gxf3 Bg5 15.d4 Ng6
16.Ne3 a5 17.a3 b5 18.h4 Nxh4 19.f4 Bxf4 20.Qh5 Bg5 21.Ke2 g6 22.Qg4 c6 23.Rag1
Bf6 24.e5 dxe5 25.dxe5 Be7 26.f4 a4 27.Ba2 b4 28.f5 bxc3 29.Rxh4 Bxh4 30.fxg6
Bg5 31.gxf7+ Kh8 32.Qxg5 Qxg5 33.Rxg5 cxb2 34.e6 Rab8 35.Rg1 Rb7 36.Nf5 1-0

[Event "2. Bundesliga West 2010/11"]
[Site "Absam"]
[Date "2010.11.26"]
[Round "4"]
[Board "3"]
[White "Gruber, Michael"]
[Black "Neuschmied, Siegfried"]
[Result "1-0"]
[WhiteElo "2133"]
[BlackElo "2309"]
[PlyCount "66"]
[EventDate "2010.10.15"]
[EventType "team"]
[EventRounds "11"]
[EventCountry "AUT"]
[WhiteTeam "Schwaz"]
[BlackTeam "Hypo Kufstein"]

1.e4 d6 2.d4 Nf6 3.Nc3 g6 4.Be3 c6 5.Qd2 b5 6.Bd3 a6 7.Nf3 Bg4 8.a4 b4 9.Ne2 Qa5
10.c3 bxc3 11.Qxc3 Qc7 12.Rc1 Bg7 13.Nf4 O-O 14.h3 Bxf3 15.gxf3 e6 16.h4 h5
17.Rg1 Qe7 18.Ke2 Rc8 19.e5 Nd5 20.Nxd5 exd5 21.Bxg6 fxg6 22.Rxg6 Ra7 23.Rcg1
Qxh4 24.Bh6 Rcc7 25.exd6 Rf7 26.Qe3 Qd8 27.Qe5 Qf8 28.Qxh5 a5 29.Rh1 Rf5 30.Bg5
Na6 31.Qh7+ Kf7 32.Rxg7+ Qxg7 33.Qxf5+ Kg8 1-0

[Event "2. Bundesliga West 2010/11"]
[Site "Absam"]
[Date "2010.11.26"]
[Round "4"]
[Board "4"]
[White "Levushkina,  Elena"]
[Black "Riedl, Johannes"]
[Result "1-0"]
[WhiteElo "2345"]
[BlackElo "2138"]
[PlyCount "77"]
[EventDate "2010.10.15"]
[EventType "team"]
[EventRounds "11"]
[EventCountry "AUT"]
[WhiteTeam "Hypo Kufstein"]
[BlackTeam "Schwaz"]

1.e4 d6 2.d4 Nf6 3.Nc3 e5 4.Nf3 exd4 5.Nxd4 Be7 6.g3 O-O 7.Bg2 c6 8.O-O Qc7 9.h3
Re8 10.a4 Na6 11.Re1 Nc5 12.b4 Ne6 13.Bb2 Nxd4 14.Qxd4 Be6 15.b5 Bf8 16.Rad1 c5
17.Qd2 Nd7 18.f4 Nb6 19.Ba1 Rad8 20.Kh2 f6 21.Qf2 a5 22.Qf3 Qf7 23.Rf1 Ba2
24.Rf2 Qc4 25.Bf1 Qf7 26.Bg2 Qc4 27.e5 dxe5 28.fxe5 Rxd1 29.Qxd1 fxe5 30.Bxb7 e4
31.Bxe4 Rxe4 32.Qd8 Nd7 33.Qxd7 Re7 34.Qd2 Qe6 35.Nxa2 Qxa2 36.Qf4 Rf7 37.Qxf7+
Qxf7 38.Rxf7 Kxf7 39.Bc3 1-0

[Event "2. Bundesliga West 2010/11"]
[Site "Absam"]
[Date "2010.11.26"]
[Round "4"]
[Board "5"]
[White "Kondrak, Christof"]
[Black "Rusche, Johannes"]
[Result "1/2-1/2"]
[WhiteElo "2147"]
[BlackElo "2234"]
[PlyCount "64"]
[EventDate "2010.10.15"]
[EventType "team"]
[EventRounds "11"]
[EventCountry "AUT"]
[WhiteTeam "Schwaz"]
[BlackTeam "Hypo Kufstein"]

1.d4 Nf6 2.Nf3 c5 3.dxc5 e6 4.e3 Bxc5 5.Be2 O-O 6.O-O d5 7.a3 Qc7 8.b4 Bd6 9.Bb2
Nbd7 10.Nbd2 a5 11.b5 e5 12.h3 Nb6 13.c4 dxc4 14.Nxc4 Nxc4 15.Bxc4 Qe7 16.Qb3
Nd7 17.Rfd1 Nb6 18.Bd5 Rd8 19.Bxe5 Nxd5 20.Qxd5 Bc7 21.Qe4 Re8 22.Qf4 Bxe5
23.Nxe5 g5 24.Qg3 Qxe5 25.Qxe5 Rxe5 26.Rd8+ Kg7 27.Rc1 Rxb5 28.Rdxc8 Rxc8
29.Rxc8 h5 30.h4 g4 31.Kh2 b6 32.Kg3 Rc5 1/2-1/2

[Event "2. Bundesliga West 2010/11"]
[Site "Absam"]
[Date "2010.11.26"]
[Round "4"]
[Board "6"]
[White "Maurer, Jochen"]
[Black "Streiter, Gerhard"]
[Result "1/2-1/2"]
[WhiteElo "2215"]
[BlackElo "2004"]
[PlyCount "62"]
[EventDate "2010.10.15"]
[EventType "team"]
[EventRounds "11"]
[EventCountry "AUT"]
[WhiteTeam "Hypo Kufstein"]
[BlackTeam "Schwaz"]

1.e4 c5 2.Nf3 d6 3.Bb5+ Bd7 4.Bxd7+ Qxd7 5.O-O Nf6 6.Qe2 Nc6 7.c3 e6 8.d4 cxd4
9.cxd4 d5 10.e5 Ne4 11.Be3 Be7 12.Ne1 f6 13.f3 Ng5 14.Nd3 Nf7 15.Bf2 f5 16.Nd2
O-O 17.a3 Rac8 18.Rac1 b6 19.g4 Ng5 20.Kg2 fxg4 21.fxg4 Nf7 22.Rc3 Na5 23.Rfc1
Rxc3 24.Rxc3 Rc8 25.Rxc8+ Qxc8 26.Nf3 Qc4 27.h4 Nb3 28.g5 Nc1 29.Nxc1 Qxc1
30.Qb5 Qc8 31.Qa4 a6 1/2-1/2

[Event "2. Bundesliga West 2010/11"]
[Site "Absam"]
[Date "2010.11.26"]
[Round "4"]
[Board "1"]
[White "Deglmann, Ludwig"]
[Black "Tischbierek, Raj"]
[Result "1/2-1/2"]
[WhiteElo "2402"]
[BlackElo "2451"]
[PlyCount "65"]
[EventDate "2010.10.15"]
[EventType "team"]
[EventRounds "11"]
[EventCountry "AUT"]
[WhiteTeam "Sparkasse Jenbach 2"]
[BlackTeam "Mozart 1910"]

1.d4 Nf6 2.Nf3 d5 3.c4 e6 4.e3 Be7 5.b3 O-O 6.Bd3 b6 7.O-O Bb7 8.Bb2 c5 9.Qe2
cxd4 10.exd4 Nc6 11.Nc3 Re8 12.Rad1 Bf8 13.Qe3 g6 14.Be2 Bg7 15.Ne5 Rc8 16.Qf4
Qc7 17.Nb5 Qb8 18.c5 Ba6 19.a4 Nxe5 20.dxe5 bxc5 21.Nd6 Bxe2 22.exf6 Bf8 23.Be5
Qb4 24.Qxb4 cxb4 25.Nxe8 Bxd1 26.Rxd1 Rxe8 27.Rc1 g5 28.Ba1 h5 29.Rc7 a6 30.Rc2
Rd8 31.Rc6 Ra8 32.h3 g4 33.h4 1/2-1/2

[Event "2. Bundesliga West 2010/11"]
[Site "Absam"]
[Date "2010.11.26"]
[Round "4"]
[Board "2"]
[White "Schmidt, Georg"]
[Black "Micheli, Carlo"]
[Result "1-0"]
[WhiteElo "2362"]
[BlackElo "2263"]
[PlyCount "79"]
[EventDate "2010.10.15"]
[EventType "team"]
[EventRounds "11"]
[EventCountry "AUT"]
[WhiteTeam "Mozart 1910"]
[BlackTeam "Sparkasse Jenbach 2"]

1.e4 c5 2.Nf3 e6 3.c4 d6 4.d4 cxd4 5.Nxd4 Nf6 6.Nc3 a6 7.Be2 Qc7 8.O-O b6 9.f4
Nbd7 10.Be3 Be7 11.Rc1 Bb7 12.Bf3 Rc8 13.f5 Nf8 14.fxe6 fxe6 15.Bh5+ g6 16.Bg4
Nxg4 17.Qxg4 Qd7 18.Qf4 Bd8 19.e5 Rc5 20.Nf3 g5 21.Qg3 Rxc4 22.exd6 Bxf3 23.Qxf3
Ng6 24.Qe2 b5 25.b3 Rc6 26.Ne4 Rxc1 27.Rxc1 O-O 28.Rd1 Nf4 29.Bxf4 Rxf4 30.Kh1
Rf5 31.Qg4 Rf4 32.Qe2 Rf5 33.Ng3 Rf7 34.Qe3 h6 35.Ne4 Rf5 36.Nc5 Bb6 37.b4 a5
38.Nxd7 Bxe3 39.Nc5 Rf8 40.d7 1-0

[Event "2. Bundesliga West 2010/11"]
[Site "Absam"]
[Date "2010.11.26"]
[Round "4"]
[Board "3"]
[White "Hoellrigl, Wilfried"]
[Black "Panteleev, Petar"]
[Result "0-1"]
[WhiteElo "2188"]
[BlackElo "2329"]
[PlyCount "56"]
[EventDate "2010.10.15"]
[EventType "team"]
[EventRounds "11"]
[EventCountry "AUT"]
[WhiteTeam "Sparkasse Jenbach 2"]
[BlackTeam "Mozart 1910"]

1.e4 e5 2.Nf3 Nc6 3.Bb5 Nf6 4.Qe2 d6 5.h3 Bd7 6.c3 Qe7 7.d3 g6 8.Nbd2 Bg7 9.Nf1
O-O 10.Bg5 h6 11.Bxf6 Qxf6 12.Ne3 a6 13.Bc4 Na5 14.Bb3 Nxb3 15.axb3 c6 16.O-O-O
Be6 17.c4 a5 18.g4 a4 19.bxa4 Rxa4 20.Kc2 Qd8 21.Qd2 d5 22.Ra1 Qa8 23.Qe1 d4
24.Ng2 b5 25.Nd2 bxc4 26.Nxc4 Bxc4 27.dxc4 Rxc4+ 28.Kd3 Qb7 0-1

[Event "2. Bundesliga West 2010/11"]
[Site "Absam"]
[Date "2010.11.26"]
[Round "4"]
[Board "4"]
[White "Hanel, Reinhard"]
[Black "Schnegg, Daniel"]
[Result "1-0"]
[WhiteElo "2275"]
[BlackElo "2199"]
[PlyCount "79"]
[EventDate "2010.10.15"]
[EventType "team"]
[EventRounds "11"]
[EventCountry "AUT"]
[WhiteTeam "Mozart 1910"]
[BlackTeam "Sparkasse Jenbach 2"]

1.c4 Nf6 2.Nc3 g6 3.Nf3 Bg7 4.g3 O-O 5.Bg2 d6 6.d4 Nc6 7.O-O a6 8.h3 e5 9.d5 Ne7
10.e4 Nd7 11.Ne1 f5 12.Nd3 fxe4 13.Nxe4 Nf6 14.Nxf6+ Bxf6 15.g4 c5 16.dxc6 bxc6
17.Bh6 Rf7 18.Qe2 Qc7 19.Rac1 Bb7 20.Rfe1 c5 21.f4 exf4 22.Nxf4 Bd4+ 23.Kh1 Qb6
24.b3 Be5 25.Rf1 Bxg2+ 26.Qxg2 Qc6 27.Ne6 Qxg2+ 28.Kxg2 Nc6 29.Rxf7 Kxf7 30.Nc7
Ra7 31.Rf1+ Ke7 32.Bg5+ Kd7 33.Nd5 Ke6 34.Rf8 Rf7 35.Rxf7 Kxf7 36.Kf3 Nb4
37.Nxb4 cxb4 38.Ke4 Ke6 39.Bd2 a5 40.Be3 1-0